President Party Quiz - Statistics

General Stats
  • This quiz has been taken 33 times
  • The average score is 40 of 46
Answer Stats
President Party % Correct
7. Andrew Jackson Democrat
89%
8. Martin Van Buren Democrat
89%
11. James K. Polk Democrat
89%
14. Franklin Pierce Democrat
89%
15. James Buchanan Democrat
89%
22. Grover Cleveland Democrat
89%
24. Grover Cleveland Democrat
89%
28. Woodrow Wilson Democrat
89%
32. Franklin D. Roosevelt Democrat
89%
33. Harry Truman Democrat
89%
35. John F. Kennedy Democrat
89%
36. Lyndon B. Johnson Democrat
89%
39. Jimmy Carter Democrat
89%
42. Bill Clinton Democrat
89%
44. Barack Obama Democrat
89%
46. Joe Biden Democrat
89%
3. Thomas Jefferson Republican
89%
4. James Madison Republican
89%
5. James Monroe Republican
89%
6. John Quincy Adams Republican
89%
16. Abraham Linoln Republican
89%
17. Andrew Johnson Republican
89%
18. Ulysses S. Grant Republican
89%
19. Rutherford B. Hayes Republican
89%
20. James A. Garfield Republican
89%
21. Chester A. Arthur Republican
89%
23. Benjamin Harrison Republican
89%
25. William McKinley Republican
89%
26. Theodore Roosevelt Republican
89%
27. William Taft Republican
89%
29. Warren Harding Republican
89%
30. Calvin Coolidge Republican
89%
31. Herbert Hoover Republican
89%
34. Dwight D. Eisenhower Republican
89%
37. Richard Nixon Republican
89%
38. Gerald Ford Republican
89%
40. Ronald Reagan Republican
89%
41. George Bush Republican
89%
43. George W. Bush Republican
89%
45. Donald Trump Republican
89%
9. William Henry Harrison Whig
82%
10. John Tyler Whig
82%
12. Zachary Taylor Whig
82%
13. Millard Fillmore Whig
82%
2. John Adams Federalist
79%
1. George Washington No party
36%
No matching quizzes found
Score Distribution
Percent of People with Each Score
Percentile by Number Answered
Your Score History
You have not taken this quiz